Les réalisateurs les plus sélectionnés en compétition cannoise - Statistiques

Statistiques générales
  • Ce quiz a été pris 36 fois
  • Le résultat moyen est 8 sur 33
Statistiques - réponses
Nombre de sélections Réalisateur % Correct
8 Jean Luc Godard
73%
9 Frères Dardenne
67%
15 Ken Loach
53%
6 Pedro Almodóvar
50%
9 Lars von Trier
43%
7 Michael Haneke
43%
7 David Cronenberg
40%
7 Hirokazu Kore-eda
40%
8 Frères Coen
37%
10 Wim Wenders
30%
6 Michelangelo Antonioni
27%
9 Nanni Moretti
27%
8 Jim Jarmusch
23%
7 Nuri Bilge Ceylan
23%
6 Shōhei Imamura
23%
7 Luis Buñuel
20%
8 Marco Bellocchio
20%
6 André Téchiné
13%
7 Arnaud Desplechin
13%
8 Ettore Scola
13%
7 Paolo Sorrentino
13%
7 Hou Hsiao-hsien
10%
6 Jerzy Skolimowski
10%
8 Robert Altman
10%
9 Carlos Saura
7%
6 James Ivory
7%
8 Marco Ferreri
7%
7 Pietro Germi
7%
6 Vittorio De Sica
7%
6 Andrzej Wajda
3%
6 Károly Makk
0%
7 Michael Cacoyannis
0%
6 René Clément
0%
Aucun quiz correspondant
Distribution des résultats
% des personnes avec chaque résultat
Percentile par nombre de réponses
Votre historique - résultats
Vous n’avez pas pris ce quiz